Pokémon fusionnés avec Miaouss - Statistiques

Statistiques générales
  • Ce quiz a été pris 104 fois
  • Le résultat moyen est 10 sur 16
Statistiques - réponses
Par images Réponse % Correct
Lucario
96%
Triopikeur
93%
Germignon
87%
Caninos
84%
M. Mime
81%
Apitrini
77%
Munja
75%
Hélédelle
59%
Engloutyran
56%
Boguérisse
55%
Théffroi
51%
Draïeul
49%
Rapion
49%
M. Glaquette
44%
Scrutella
44%
Grillepattes
32%
Aucun quiz correspondant
Distribution des résultats
% des personnes avec chaque résultat
Percentile par nombre de réponses
Votre historique - résultats
Vous n’avez pas pris ce quiz